Landoj de la mondo en 1938 sur mapo - Statistics

General Stats
  • This quiz has been taken 4 times
  • The average score is 58 of 76
Answers on the Map
Answers color-coded by a green-red scale on the quiz's map according to % correct below.
 
Answer Stats
Country % Correct
Argentino
100%
Aŭstralio
100%
Aŭstrio
100%
Belgio
100%
Bolivio
100%
Brazilo
100%
Bulgario
100%
Ĉilio
100%
Ĉinio
100%
Danio
100%
Estonio
100%
Finnlando
100%
Francio
100%
Germanio
100%
Grekio
100%
Hispanio
100%
Hungario
100%
Irako
100%
Irano
100%
Irlando
100%
Italio
100%
Japanio
100%
Jugoslavio
100%
Kanado
100%
Kubo
100%
Latvio
100%
Meksiko
100%
Mongolio
100%
Nederlando
100%
Nepalo
100%
Panamo
100%
Peruo
100%
Pollando
100%
Portugalio
100%
Romanio
100%
Siamo
100%
Sud-Afriko
100%
Tibeto
100%
Turkio
100%
Usono
100%
Venezuelo
100%
Afganio
67%
Ĉeĥoslovakio
67%
Egiptio
67%
Ekvadoro
67%
Haitio
67%
Honduro
67%
Islando
67%
Jemeno
67%
Kolombio
67%
Liberio
67%
Norvegio
67%
Nov-Zelando
67%
Paragvajo
67%
Salvadoro
67%
Svedio
67%
Svislando
67%
Unuiĝinta Reĝlando
67%
Urugvajo
67%
Albanio
33%
Andoro
33%
Dancigo
33%
Dominika Respubliko
33%
Gvatemalo
33%
Hatay
33%
Kostariko
33%
Litovio
33%
Luksemburgio
33%
Monako
33%
Nikaragvo
33%
San-Marino
33%
Sauda Arabio
33%
Tuvio
33%
Vatikano
33%
Liĥtenŝtejno
0%
Sovetunio
0%
No matching quizzes found
Score Distribution
Percent of People with Each Score
Percentile by Number Answered
Your Score History
You have not taken this quiz